| 000 | 00773cam a2200169 4500 | ||
|---|---|---|---|
| 001 | WB3528-43 | ||
| 008 | 000000n1999 000 0 eng u | ||
| 035 | _a(Sirsi) u102308 | ||
| 245 | _aInternet shopping. | ||
| 260 | _c1999 | ||
| 490 |
_aFinancial Times _v19 July 1999, 8(2) |
||
| 520 | _aFour out of five teenagers want to shop on the internet, but retailers are failing to cater for their preferences or make their sites easy for them to use. Companies are also finding that internet operations are not just bolt-on. Instead traditional business models need to be adapted for e-commerce. Chart of worldwide internet revenue. | ||
| 650 | _aELECTRONIC COMMERCE | ||
| 650 | _aINTERNET | ||
| 690 | _aMANAGEMENT-BUSINESS MANAGEMENT-INFORMATION MANAGEMENT | ||
| 942 | _n0 | ||
| 999 |
_c61333 _d61333 |
||